000 00870nas a2200289 4500
001 BR2011000310
003 BR-BrBNA
005 20231205114839.0
007 ta
008 230509b bl.|||p| |||| 00| 00por d
040 _aBR-BrBNA
_bpor
_cBiblioteca Nacional de Agricultura
041 _a(Pt)
072 _aQ05
100 1 _aRenhe, I.R.T.
100 1 _aStringheta, P.C.
100 1 _aSilva, F.F. e
100 1 _aOliveira, T.V. de
245 1 _aNotas científicas, obtenção de corante natural azul extraído de frutos de jenipapo
650 _aJENIPAPO
650 _aSOLVENTE
650 _aCOLORIMETRIA
650 _aTEMPERATURA
650 _aPLANTA CORANTE
773 0 _tPesquisa Agropecuária Brasileira (Brazil)
_xISSN 0100-204X
_g(Jun 2009), v. 44(6) p. 649-652
_wBR2011000310
909 _a202311
_bLúcia
_c55
_dLúcia Elande
942 _2AGRIS
_n0
_cANA
999 _c210800
_d210800